000 00478nam a2200157Ia 4500
005 20240603080652.0
008 240331s9999 xx 000 0 und d
020 _a9555800081
082 _bCOO
_a342
100 _aCoomaraswamy, Radhika
245 0 _aIdeology and the constitution
_bEssays on Constitutional jurisprudence
_cRadhika, coomaraswamy
260 _aColombo
_bInternational Centre for Ethanoic Studies
_c1996
300 _a 178 p .,
650 _aPolitical
942 _cL
999 _c2821
_d2821